000
00248nam a2200097Ia 4500
001
653762
005
20250826154504.0
008
250824s9999 xx 000 0 und d
245
0
_a
AYASOFYA KONUŞTU
_c
FÜSUN ÇETİNEL
260
_b
GÜNIŞIĞI YAYINLARI
999
_c
653762
_d
653762